<?xml version="1.0" encoding="UTF-8"?>
<record
    xmlns:xsi="http://www.w3.org/2001/XMLSchema-instance"
    xsi:schemaLocation="http://www.loc.gov/MARC21/slim http://www.loc.gov/standards/marcxml/schema/MARC21slim.xsd"
    xmlns="http://www.loc.gov/MARC21/slim">

  <leader>01139nam a2200229 u 4500</leader>
  <controlfield tag="001">113576</controlfield>
  <controlfield tag="005">20260506081443.0</controlfield>
  <controlfield tag="008">961127s1994                        spa  </controlfield>
  <datafield tag="020" ind1=" " ind2=" ">
    <subfield code="a">8448300394</subfield>
  </datafield>
  <datafield tag="035" ind1=" " ind2=" ">
    <subfield code="a">113576</subfield>
  </datafield>
  <datafield tag="035" ind1=" " ind2=" ">
    <subfield code="a">(OCoLC)318336107</subfield>
  </datafield>
  <datafield tag="040" ind1=" " ind2=" ">
    <subfield code="c">comduadb</subfield>
  </datafield>
  <datafield tag="041" ind1=" " ind2=" ">
    <subfield code="a">spa</subfield>
  </datafield>
  <datafield tag="082" ind1=" " ind2="4">
    <subfield code="a">910</subfield>
  </datafield>
  <datafield tag="245" ind1="1" ind2="0">
    <subfield code="a">Roma</subfield>
  </datafield>
  <datafield tag="260" ind1=" " ind2=" ">
    <subfield code="a">Barcelona :</subfield>
    <subfield code="b">Acento Editorial,</subfield>
    <subfield code="c">1994.</subfield>
  </datafield>
  <datafield tag="300" ind1=" " ind2=" ">
    <subfield code="a">512 p&#xE1;ginas.</subfield>
  </datafield>
  <datafield tag="505" ind1=" " ind2=" ">
    <subfield code="a">CONTENIDO : Naturaleza. -- Historia de Roma. -- Artes y tradiciones. -- Arquitectura. -- Roma vista por los pintores. -- Roma vista por los escritores. -- Capitolio, Foro, Palatino. -- Del Foro holitorium al Coliseo. -- Circo m&#xE1;ximo y aventino. -- El celio. -- El Vaticano. -- Del puente Sant' Angelo al Gueto. -- Del Ges&#xFA; al Palazzo Madama. -- Piazza Navona y alrededores. -- El Quirinal. -- El Tridente. -- La Via Appia Antica. -- De las termas de Diocleciano a San Pedro an Vincula. -- Transtevere. -- De la Villa Giulia al Foro it&#xE1;lico. -- Roma extramuros. -- T&#xED;voli, Palestrina. -- Ostia. -- Agenda de viaje.</subfield>
  </datafield>
  <datafield tag="650" ind1=" " ind2=" ">
    <subfield code="a">Gu&#xED;as tur&#xED;sticas</subfield>
    <subfield code="9">21473</subfield>
  </datafield>
  <datafield tag="650" ind1=" " ind2=" ">
    <subfield code="a">Italia</subfield>
    <subfield code="9">5349</subfield>
  </datafield>
  <datafield tag="942" ind1=" " ind2=" ">
    <subfield code="c">BOOK</subfield>
  </datafield>
  <datafield tag="999" ind1=" " ind2=" ">
    <subfield code="c">89340</subfield>
    <subfield code="d">89340</subfield>
  </datafield>
  <datafield tag="952" ind1=" " ind2=" ">
    <subfield code="0">0</subfield>
    <subfield code="1">0</subfield>
    <subfield code="4">0</subfield>
    <subfield code="7">0</subfield>
    <subfield code="8">GEN</subfield>
    <subfield code="a">BC</subfield>
    <subfield code="b">BC</subfield>
    <subfield code="d">1998-11-19</subfield>
    <subfield code="e">Otros proveedores</subfield>
    <subfield code="g">43000.00</subfield>
    <subfield code="i">C168008</subfield>
    <subfield code="l">0</subfield>
    <subfield code="o">910.202 R756</subfield>
    <subfield code="p">61000000164653</subfield>
    <subfield code="r">2023-04-22 00:00:00</subfield>
    <subfield code="t">1</subfield>
    <subfield code="w">2023-04-22</subfield>
    <subfield code="y">BOOK</subfield>
  </datafield>
</record>
